La vie de Mahomet /

محفوظ في:

المؤلف الرئيسي: Dermenghem, Émile, 1892-1971 (مؤلف)

التنسيق: كتاب

اللغة: French

منشور في: Paris : Charlot, 1950.

الموضوعات:

الوسوم: إضافة وسم

لا توجد وسوم, كن أول من يضع وسما على هذه التسجيلة!

رقم الطلب: BP75 .D4 1950

LEADER 00540nam a2200205Ia 4500
001 8228
003 OSt
005 20250923085744.0
008 130303s1950 fr 000 0 fre d
010 |a 51031499 
040 |c ARCE Library 
050 4 |a BP75 .D4 1950 
100 1 |a Dermenghem, Émile,  |d 1892-1971,  |e author  |9 28932 
245 1 3 |a La vie de Mahomet /  |c Emile Dermenghem. 
264 1 |a Paris :  |b Charlot,  |c 1950. 
300 |a 326 pages ;  |c 19 cm. 
600 0 0 |a Muḥammad, Prophet,  |d -632. 
901 |a reviewed 
942 |c BK  |2 lcc 
999 |c 9675  |d 9675